Central Library OPAC University of Rajshahi

নীলস্বপ্ন / (Record no. 40970)

MARC details
000 -LEADER
fixed length control field 00728nam a2200229 a 4500
001 - CONTROL NUMBER
control field 40970
003 - CONTROL NUMBER IDENTIFIER
rucl marc code BD-RjUL
005 - DATE AND TIME OF LATEST TRANSACTION
control field 20211209053315.0
008 - FIXED-LENGTH DATA ELEMENTS--GENERAL INFORMATION
fixed length control field 160512s1962 bg ||||| |||| 00| 0 ben d
020 ## - INTERNATIONAL STANDARD BOOK NUMBER
Terms of availability Tk. 3.00
035 ## - SYSTEM CONTROL NUMBER
System control number (BD-RjUL)41086
040 ## - CATALOGING SOURCE
Original cataloging agency BD-RjUL
Language of cataloging ben
Transcribing agency BD-RjUL
041 ## - LANGUAGE CODE
Language code of text/sound track or separate title ben
082 ## - DEWEY DECIMAL CLASSIFICATION NUMBER
Edition number 23
Classification number 891.441
Author mark and year ARN 1962
100 ## - MAIN ENTRY--PERSONAL NAME
Personal name আরজু, জাহানারা
9 (RLIN) 126091
245 10 - TITLE STATEMENT
Title নীলস্বপ্ন /
Statement of responsibility, etc. আরজু, জাহানারা
260 ## - PUBLICATION, DISTRIBUTION, ETC. (IMPRINT)
Place of publication, distribution, etc. ঢাকা :
Name of publisher, distributor, etc. কবিতাঙ্গন,
Date of publication, distribution, etc. ১৯৬২
300 ## - PHYSICAL DESCRIPTION
Pagination ১১৯ পৃ. ;
Size ২২ সেমি.
650 ## - SUBJECT ADDED ENTRY--TOPICAL TERM
Topical term or geographic name as entry element বাংলা কবিতা
9 (RLIN) 126092
Topical term or geographic name as entry element Bengali Poetry
9 (RLIN) 126093
942 ## - ADDED ENTRY ELEMENTS (KOHA)
Source of classification or shelving scheme Dewey Decimal Classification
Koha item type Books
Holdings
Lost status Source of classification or shelving scheme Damaged status Not for loan Collection code Permanent Location Current Location Shelving location Date acquired Source of acquisition Cost, normal purchase price Total Checkouts Full call number Date last seen Copy number Koha item type
  Dewey Decimal Classification   Not For Loan Non-fiction Central Library, University of Rajshahi Central Library, University of Rajshahi Reading Room 12/02/1965 Ideal 3.00   B 891.441 ARN 1962 12/05/2016 C-1 Books
  Dewey Decimal Classification     Non-fiction Central Library, University of Rajshahi Central Library, University of Rajshahi   12/02/1965 Ideal Library, Dhaka 3.00   B 891.441 ARN 1962 14/08/2016 C-2 Books
  Dewey Decimal Classification     Non-fiction Central Library, University of Rajshahi Central Library, University of Rajshahi   12/02/1965 Ideal Library, Dhaka 3.00   B 891.441 ARN 1962 14/08/2016 C-3 Books
  Dewey Decimal Classification     Non-fiction Central Library, University of Rajshahi Central Library, University of Rajshahi   12/02/1965 Ideal Library, Dhaka 3.00   B 891.441 ARN 1962 14/08/2016 C-4 Books